The woman question / (Record no. 5050)

MARC details
000 -LEADER
fixed length control field 00597cam a2200217 i 4500
001 - CONTROL NUMBER
control field 1945238
003 - CONTROL NUMBER IDENTIFIER
control field OSt
005 - DATE AND TIME OF LATEST TRANSACTION
control field 20181219175341.0
008 - FIXED-LENGTH DATA ELEMENTS--GENERAL INFORMATION
fixed length control field 751112s1975 pau 000 0 eng
010 ## - LIBRARY OF CONGRESS CONTROL NUMBER
LC control number 75010513
020 ## - INTERNATIONAL STANDARD BOOK NUMBER
International Standard Book Number 0800782143 :
040 ## - CATALOGING SOURCE
Original cataloging agency DLC
Transcribing agency DLC
Modifying agency ONU
049 ## - LOCAL HOLDINGS (OCLC)
Holding library ONUU
082 ## - DEWEY DECIMAL CLASSIFICATION NUMBER
Classification number 233
Item number H145W
100 1# - MAIN ENTRY--PERSONAL NAME
Personal name Hagin, Kenneth E.,
Dates associated with a name 1917-
245 14 - TITLE STATEMENT
Title The woman question /
Statement of responsibility, etc. Kenneth E. Hagin
260 ## - PUBLICATION, DISTRIBUTION, ETC.
Place of publication, distribution, etc. Greensburg, Pa. :
Name of publisher, distributor, etc. Manna Christian Outreach,
Date of publication, distribution, etc. c1975
300 ## - PHYSICAL DESCRIPTION
Extent 93 p. ;
Dimensions 18 cm
650 #0 - SUBJECT ADDED ENTRY--TOPICAL TERM
Topical term or geographic name entry element Women
General subdivision Religious aspects
-- Christianity
-- Biblical teaching
942 ## - ADDED ENTRY ELEMENTS (KOHA)
Source of classification or shelving scheme Dewey Decimal Classification
Koha item type Books
Holdings
Withdrawn status Lost status Source of classification or shelving scheme Damaged status Not for loan Collection code Home library Current library Shelving location Date acquired Cost, normal purchase price Total Checkouts Full call number Barcode Date last seen Price effective from Koha item type
    Dewey Decimal Classification     Non-fiction Harvest Mission College Harvest Mission College General Stacks 19.12.2018 230.00   233 H145W 005785 19.12.2018 19.12.2018 Books

OPAC Designed and Maintained by HMC Library Team.
Copyright © HMC Library,Greater Noida, UP.
For any Suggestions/Query Contact library via Email:libhmc@gmail.com